Answers are Elements #2 - Statistics

General Stats
  • This quiz has been taken 54,921 times
  • The average score is 13 of 20
Answer Stats
Clue Answer % Correct
One of the planets Mercury
95%
Its atomic symbol is Au Gold
90%
Every cloud has one {Silver} Lining
89%
Swimming pool sanitizer Chlorine
88%
Breathing this makes your voice higher Helium
87%
Superman's home planet Krypton
83%
Followed the Bronze Age {Iron} Age
82%
Method of determining an object's age {Carbon} Dating
80%
Nutrient that makes bananas slightly radioactive Potassium
76%
Thermonuclear weapon {Hydrogen} Bomb
74%
Most-hated rock band? {Nickel}back
73%
Oz denizen with no heart {Tin} Man
68%
Type of venomous snake {Copper}head
58%
The poison of kings Arsenic
43%
Radioactive gas lurking in your basement? Radon
41%
Common treatment for bipolar disorder Lithium
37%
Highest strength to weight of any metal Titanium
36%
Yellowcake is a type of this Uranium
29%
Makes up about 53.3% of the weight of quartz Oxygen
27%
Common car battery {Lead}-acid
18%
No matching quizzes found
Score Distribution
Percent of People with Each Score
Percentile by Number Answered
Your Score History
You have not taken this quiz